000
00334nam a2200145Ia 4500
100
_a
Wai- Kai Chen
650
_a
Fitter
942
_c
BK
654
_a
Fitter
245
_a
Passive & Active Filters : Theory & Implementation
260
_b
John Wiley
_a
New York
_c
1986
082
_a
621.3815324
546
_a
ENGLISH
999
_c
28117
_d
28117